MARC details
| 000 -LEADER |
| campo de control de longitud fija |
02208cam a22004097a 4500 |
| 001 - NÚMERO DE CONTROL |
| campo de control |
105565 |
| 003 - IDENTIFICADOR DE NÚMERO DE CONTROL |
| campo de control |
BJBSDDR |
| 005 - FECHA Y HORA DE LA ÚLTIMA TRANSACCIÓN |
| campo de control |
20250908153611.0 |
| 007 - CAMPO FIJO DE DESCRIPCIÓN FÍSICA--INFORMACIÓN GENERAL |
| campo de control de longitud fija |
ta |
| 008 - DATOS DE LONGITUD FIJA--INFORMACIÓN GENERAL |
| campo de control de longitud fija |
250908s2011 sp a b 001 0 spa |
| 010 ## - NÚMERO DE CONTROL DE LA BIBLIOTECA DEL CONGRESO |
| Número de control de LC |
2007297733 |
| 015 ## - NÚMERO DE BIBLIOGRAFÍA NACIONAL |
| Número de bibliografía nacional |
GBA3-Y8755 |
| 020 ## - NÚMERO INTERNACIONAL ESTÁNDAR DEL LIBRO |
| Número Internacional Estándar del Libro |
9788420653686 |
| 035 ## - NÚMERO DE CONTROL DEL SISTEMA |
| Número de control de sistema |
14884318 |
| 035 ## - NÚMERO DE CONTROL DEL SISTEMA |
| Número de control de sistema |
(OCoLC)ocm51668491 |
| 035 ## - NÚMERO DE CONTROL DEL SISTEMA |
| Número de control de sistema |
(OCoLC)51668491 |
| 040 ## - FUENTE DE CATALOGACIÓN |
| Centro catalogador/agencia de origen |
UKM |
| Centro/agencia transcriptor |
UKM |
| Centro/agencia modificador |
OCLCQ |
| -- |
BAKER |
| -- |
BTCTA |
| -- |
BWKUK |
| -- |
YDXCP |
| -- |
DLC |
| Lengua de catalogación |
spa |
| 041 ## - CÓDIGO DE IDIOMA |
| Código de lengua del texto/banda sonora o título independiente |
spa |
| 042 ## - CÓDIGO DE AUTENTICACIÓN |
| Código de autenticación |
lccopycat |
| 050 14 - SIGNATURA TOPOGRÁFICA DE LA BIBLIOTECA DEL CONGRESO |
| Número de ítem |
S654c 2011 |
| 082 00 - NÚMERO DE LA CLASIFICACIÓN DECIMAL DEWEY |
| Número de clasificación |
081 |
| 100 1# - ENTRADA PRINCIPAL--NOMBRE DE PERSONA |
| Nombre de persona |
Smith, Leonard A |
| 9 (RLIN) |
44813 |
| 245 10 - MENCIÓN DEL TÍTULO |
| Título |
Caos : |
| Resto del título |
una breve introducción / |
| Mención de responsabilidad, etc. |
Leonard A. Smith. |
| 260 ## - PUBLICACIÓN, DISTRIBUCIÓN, ETC. |
| Lugar de publicación, distribución, etc. |
Madrid ; |
| Nombre del editor, distribuidor, etc. |
Alianza Editorial, |
| Fecha de publicación, distribución, etc. |
2011. |
| 300 ## - DESCRIPCIÓN FÍSICA |
| Extensión |
263 páginas ; |
| Otras características físicas |
ilustraciones ; |
| Dimensiones |
18 cm. |
| 490 1# - MENCIÓN DE SERIE |
| Mención de serie |
El libro de bolsillo ; |
| Designación de volumen o secuencia |
C10 |
| 504 ## - NOTA DE BIBLIOGRAFÍA, ETC. |
| Nota de bibliografía, etc. |
Includes bibliographical references (p. 169-171) and index. |
| 520 ## - RESUMEN, ETC. |
| Sumario, etc. |
Descripción del editor: "Divulgado a través de películas y obras de ciencia ficción, el "efecto mariposa" constituye la plasmación mas conocida del concepto de caos. La teoría del caos estudia cómo cambios muy pequeños y en apariencia insignificantes pueden tener enormes e inesperadas consecuencias en el tiempo. La aplicación de esta teoría a nuevos y distintos campos de investigación, como el cambio climático, la astronomía, la predicción del tiempo o, incluso, los juegos de azar, demuestra su gran utilidad práctica, así como sus enormes posibilidades de utilización en terrenos aún desconocidos. En "Caos: una breve introducción", Leonard Smith consigue transmitir de forma clara y accesible para el público interesado las claves fundamentales de esta fascinante teoría científica. |
| 650 #0 - PUNTO DE ACCESO ADICIONAL DE MATERIA--TÉRMINO DE MATERIA |
| Término de materia o nombre geográfico como elemento de entrada |
Chaotic behavior in systems |
| Subdivisión de forma |
Popular works. |
| 730 0# - ASIENTO SECUNDARIO--TITULO UNIFORME |
| Título uniforme |
Very short introductions. |
| 830 0# - PUNTO DE ACCESO ADICIONAL DE SERIE-TÍTULO UNIFORME |
| Título uniforme |
El libro de bolsillo |
| 9 (RLIN) |
9452 |
| 856 41 - LOCALIZACIÓN Y ACCESO ELECTRÓNICOS |
| Materiales especificados |
Table of contents only |
| Identificador Uniforme de Recursos |
<a href="http://www.loc.gov/catdir/toc/fy0713/2007297733.html">http://www.loc.gov/catdir/toc/fy0713/2007297733.html</a> |
| 856 42 - LOCALIZACIÓN Y ACCESO ELECTRÓNICOS |
| Materiales especificados |
Contributor biographical information |
| Identificador Uniforme de Recursos |
<a href="http://www.loc.gov/catdir/enhancements/fy0737/2007297733-b.html">http://www.loc.gov/catdir/enhancements/fy0737/2007297733-b.html</a> |
| 856 42 - LOCALIZACIÓN Y ACCESO ELECTRÓNICOS |
| Materiales especificados |
Publisher description |
| Identificador Uniforme de Recursos |
<a href="http://www.loc.gov/catdir/enhancements/fy0737/2007297733-d.html">http://www.loc.gov/catdir/enhancements/fy0737/2007297733-d.html</a> |
| 942 ## - ELEMENTOS DE ENTRADA SECUNDARIOS (KOHA) |
| Fuente del sistema de clasificación o colocación |
Clasificación de Library of Congress |
| Tipo de ítem Koha |
Libro |
| Suprimir en OPAC |
No |
| 946 ## - PROCESAMIENTO DE INFORMACIÓN LOCAL (OCLC) |
| Iniciales del agente catalogador |
rmza |